New Challenge in the Fight Against Corruption (Record no. 3891)

MARC details
000 -LEADER
fixed length control field 00390nam a22001217a 4500
008 - FIXED-LENGTH DATA ELEMENTS--GENERAL INFORMATION
fixed length control field 230704b xxu||||| |||| 00| 0 eng d
082 ## - DEWEY DECIMAL CLASSIFICATION NUMBER
Classification number 364.1
Item number APN
110 ## - MAIN ENTRY--CORPORATE NAME
Subordinate unit African Parliamentarians network Against Corruption
245 ## - TITLE STATEMENT
Title New Challenge in the Fight Against Corruption
260 ## - PUBLICATION, DISTRIBUTION, ETC. (IMPRINT)
Place of publication, distribution, etc. Naironi
Name of publisher, distributor, etc. African Parliamentarians network Against Corruption
Date of publication, distribution, etc. 2003
300 ## - PHYSICAL DESCRIPTION
Extent 61p
942 ## - ADDED ENTRY ELEMENTS (KOHA)
Source of classification or shelving scheme Dewey Decimal Classification
Koha item type Books
Holdings
Withdrawn status Lost status Source of classification or shelving scheme Damaged status Not for loan Home library Current library Date acquired Total Checkouts Full call number Barcode Date last seen Price effective from Koha item type
    Dewey Decimal Classification     County Hall Archives County Hall Archives 07/04/2023   364.1 APN 10013715 07/04/2023 07/04/2023 Books
    Dewey Decimal Classification     County Hall Archives County Hall Archives 07/04/2023   364.1 APN 10011326 07/04/2023 07/04/2023 Books
    Dewey Decimal Classification     County Hall Archives County Hall Archives 07/04/2023   364.1 APN 10013716 07/04/2023 07/04/2023 Books
LIBRARY OPENING HOURS

When the Parliament is sitting: 8.00a.m - 7.00p.m or until the house adjourns
Mondays and Fridays and when the House is on Recess:  8.00a.m - 5.00p.m
Closed on Weekends and Public Holidays

Online Public Access Catalog (OPAC)
Website: http://www.parliament.go.ke
Bunge Library: https://libraryir.parliament.go.ke
Contact: library@parliament.go.ke | Tel no: (254-2)2221291 or 2848000 Ext 5043